[Event "Ch DDR"]
[Site "masterchessopen.com  Annaberg-Buchholz (Germany)"]
[Round "11"]
[White "Hennings Artur (GER)"]
[Black "Csulits Anton (GER)"]
[Result "1-0"]
[WhiteElo "2260"]
[BlackElo "2163"]

1.e4 c5 2.Nf3 e6 3.d4 cxd4 4.Nxd4 Nc6 5.Nc3 a6 6.Be2 Qc7 7.Be3 Nf6 8.O-O Bb4
9.Re1 Bxc3 10.bxc3 Nxe4 11.Bd3 Nf6 12.Nf5 O-O 13.Nxg7 Kxg7 14.Bh6+ Kxh6
15.Qd2+ Kh5 16.Re3 Ne5 17.Rh3+ Kg4 18.Qe2+ Kg5 19.Qe3+ {#r} 1-0

[Event "Olympiad"]
[Site "masterchessopen.com  Habana (Cuba)"]
[Round "0"]
[White "Pritchett Craig W (SCO)"]
[Black "Zinser Sylvain (FRA)"]
[Result "1-0"]
[WhiteElo "2343"]
[BlackElo "2295"]

1.e4 c5 2.Nf3 e6 3.d4 cxd4 4.Nxd4 Nc6 5.Nc3 a6 6.Be3 Qc7 7.Be2 Nf6 8.O-O Bb4
9.Nxc6 bxc6 10.Qd4 c5 11.Qc4 Bb7 12.Na4 Nxe4 13.c3 d5 14.Qb3 Ba5 15.Nxc5 Nxc5
16.Bxc5 Bc8 17.Qa4+ Bd7 18.Qd4 f6 19.b4 Rc8 20.Bxa6 Ra8 21.Be2 Rc8 22.Bh5+ Kd8
23.Qg4 g6 24.Qh4 g5 25.Qd4 {#r} 1-0

[Event "corr."]
[Site "masterchessopen.com  BRD"]
[Round "0"]
[White "Winkle Karl (GER)"]
[Black "Froehlich Rainer (GER)"]
[Result "1-0"]
[WhiteElo "2106"]
[BlackElo "2096"]

1.e4 c5 2.Nf3 e6 3.d4 cxd4 4.Nxd4 a6 5.Nc3 Qc7 6.Be3 Nc6 7.Be2 Bb4 8.O-O Nf6
9.Re1 Bxc3 10.bxc3 Nxe4 11.Bd3 Nf6 12.Nf5 O-O 13.Nxg7 Kxg7 14.Bh6+ {#r} 1-0

[Event "Europe Tournament (corr.)"]
[Site "masterchessopen.com  corr."]
[Round "0"]
[White "Foglar Stanislav (CZE)"]
[Black "Goldstein Brian (USA)"]
[Result "0-1"]
[WhiteElo "2007"]
[BlackElo "2177"]

1.e4 c5 2.Nf3 Nc6 3.d4 cxd4 4.Nxd4 e6 5.Nc3 a6 6.Be3 Qc7 7.Be2 Nf6 8.a3 b5
9.f4 Nxd4 10.Qxd4 Bb7 11.Bf3 d6 12.Qd3 Be7 13.O-O O-O 14.f5 exf5 15.exf5 d5
16.Ne2 Bd6 17.h3 Rfe8 18.Bd4 Ne4 19.Bxe4 Rxe4 20.Kh1 Qc4 21.Rf2 Rae8 {#R} 0-1

[Event "Olympiad"]
[Site "masterchessopen.com  Lugano (Switzerland)"]
[Round "0"]
[White "Koskinen Henri (FIN)"]
[Black "Freeman Michael Roy (NZL)"]
[Result "1-0"]
[WhiteElo "2265"]
[BlackElo "2218"]

1.e4 c5 2.Nf3 e6 3.d4 cxd4 4.Nxd4 Nc6 5.Be3 Qc7 6.Nc3 a6 7.Be2 Nf6 8.O-O Bb4
9.Nxc6 dxc6 10.f3 O-O 11.Qe1 b5 12.a3 Bxc3 13.Qxc3 e5 14.a4 bxa4 15.Rxa4 Nd7
16.Rfa1 Nb8 17.Qa5 Qxa5 18.Rxa5 Re8 19.b4 f5 20.Bc4+ Kh8 21.Rd1 h6 22.Bc5 fxe4
23.Bf7 {#r} 1-0

[Event "Ch DDR"]
[Site "masterchessopen.com  Goerlitz (Germany)"]
[Date "1972.02.20"]
[Round "14"]
[White "Espig Lutz (GER)"]
[Black "Brameyer Hermann (GER)"]
[Result "1-0"]
[WhiteElo "2435"]
[BlackElo "2189"]

1.e4 c5 2.Nc3 Nc6 3.Nge2 e6 4.d4 cxd4 5.Nxd4 Qc7 6.Be3 a6 7.Be2 Bb4 8.Nxc6
Qxc6 9.Qd4 Bxc3+ 10.bxc3 f6 11.f4 d6 12.Rd1 Bd7 13.Qxd6 Qxd6 14.Rxd6 Rc8
15.Kf2 Rc6 16.Rd3 Rc8 17.Rhd1 Bc6 18.Rd6 {#r} 1-0

[Event "corr."]
[Site "masterchessopen.com  Germany"]
[Round "0"]
[White "Tobor Detlef (GER)"]
[Black "Tobisch Manfred Dr (GER)"]
[Result "0-1"]
[WhiteElo "2143"]
[BlackElo "2059"]

1.e4 c5 2.Nf3 Nc6 3.d4 cxd4 4.Nxd4 e6 5.Nc3 a6 6.Be2 Qc7 7.Be3 Nf6 8.O-O Bb4
9.Nxc6 bxc6 10.f4 d5 11.exd5 exd5 12.Bd4 Be7 13.Kh1 O-O 14.Na4 Bf5 15.Nc5 Ne4
16.Nxe4 Bxe4 17.Bd3 f5 18.c4 Qd7 19.Be5 Bf6 20.cxd5 Bxe5 21.fxe5 Qxd5 22.Bxe4
fxe4 23.Qc2 Rxf1+ 24.Rxf1 Rf8 25.Rxf8+ Kxf8 26.Kg1 Ke7 27.Kf2 c5 28.Qc3 Qd4+
{#R} 0-1

[Event "?"]
[Site "masterchessopen.com  Dortmund (Germany)"]
[Round "0"]
[White "Borgstaedt Michael (GER)"]
[Black "Herrmann Michael (GER)"]
[Result "1-0"]
[WhiteElo "2270"]
[BlackElo "2242"]

1.e4 c5 2.Nf3 Nc6 3.d4 cxd4 4.Nxd4 e6 5.Nc3 a6 6.Be2 Qc7 7.Be3 Nf6 8.f4 Bb4
9.Bf3 d6 10.O-O O-O 11.Kh1 e5 12.Nxc6 Bxc3 13.bxc3 Qxc6 14.Rb1 b5 15.c4 Qxc4
16.Qxd6 Qxc2 17.fxe5 Ng4 18.Rbc1 Qxa2 19.Rxc8 Nxe3 20.Qxf8# 1-0

[Event "?"]
[Site "masterchessopen.com  Schoeneck (Germany)"]
[Round "2"]
[White "Thiel Thomas (GER)"]
[Black "Horvath Tamas I (HUN)"]
[Result "0-1"]
[WhiteElo "2279"]
[BlackElo "2318"]

1.e4 c5 2.Nf3 Nc6 3.d4 cxd4 4.Nxd4 Qc7 5.Nc3 e6 6.Be3 a6 7.Be2 Nf6 8.O-O Bb4
9.Nxc6 bxc6 10.Bd3 d5 11.exd5 cxd5 12.Bd4 Bd6 13.Re1 Bb7 14.h3 Kf8 15.Bxf6
gxf6 16.Qh5 Be5 17.Ne2 Ke7 18.Qh4 Rag8 19.f4 Bd6 20.Nd4 Qb6 21.c3 Bc5 22.f5
Qxb2 {#R} 0-1

[Event "Cup Atlantic (team)"]
[Site "masterchessopen.com  Aalborg (Denmark)"]
[Round "0"]
[White "Hoiberg Nina (DEN)"]
[Black "Paasikangas-T Johanna (FIN)"]
[Result "1-0"]
[WhiteElo "2180"]
[BlackElo "2238"]

1.e4 c5 2.Nf3 Nc6 3.d4 cxd4 4.Nxd4 e6 5.Nc3 Qc7 6.Be3 a6 7.Be2 Nf6 8.O-O Bb4
9.Nxc6 Qxc6 10.e5 Bxc3 11.bxc3 Nd5 12.c4 Nxe3 13.fxe3 Qe4 14.Qd4 Qxc2 15.Bh5
O-O 16.Rf2 Qa4 17.Bxf7+ Rxf7 18.Rxf7 Kxf7 19.Rf1+ Kg8 20.Qd6 h6 21.Rf8+ Kh7
22.Qd3+ g6 23.Rf7+ Kh8 24.Qd6 {#r} 1-0

[Event "Match \"]
[Site "masterchessopen.com  Baden (Germany)"]
[Round "0"]
[White "Vatter Hans-Joachim (GER)"]
[Black "Adler Joel (SUI)"]
[Result "0-1"]
[WhiteElo "2322"]
[BlackElo "2266"]

1.e4 c5 2.Nf3 Nc6 3.d4 cxd4 4.Nxd4 e6 5.Nc3 Qc7 6.Be3 a6 7.Be2 Nf6 8.O-O Bb4
9.Bd3 d6 10.Kh1 O-O 11.Nxc6 Qxc6 12.Ne2 Ng4 13.Bd4 e5 14.h3 exd4 15.hxg4 d5
16.exd5 Qh6+ 17.Kg1 Bxg4 18.f3 Bd6 19.g3 Bd7 20.Rf2 Rae8 21.Qc1 Qf6 22.Rh2 h6
23.Kg2 Re3 24.Qf1 Rfe8 25.Qf2 Bf5 26.Re1 Bxd3 27.cxd3 Bb4 {#R} 0-1

[Event "Bundesliga 1989/90"]
[Site "masterchessopen.com  Germany"]
[Round "0"]
[White "Noetzel Frank (GER)"]
[Black "Wolter Kai (GER)"]
[Result "1-0"]
[WhiteElo "2245"]
[BlackElo "2240"]

1.e4 c5 2.Nf3 e6 3.d4 cxd4 4.Nxd4 Nc6 5.Nc3 Qc7 6.Be2 a6 7.Be3 Nf6 8.O-O Bb4
9.Nxc6 dxc6 10.f4 Bxc3 11.bxc3 Nxe4 12.Bf3 Nf6 13.Bc5 b5 14.Qd4 Bb7 15.Bd6 Qd7
16.Rad1 Nd5 17.Bc5 f6 18.c4 bxc4 19.Qxc4 Rd8 20.Qb3 Qc8 21.f5 e5 22.Bh5+ Kd7
23.c4 Qa8 24.Bf7 Kc8 25.cxd5 cxd5 26.Be6+ {#r} 1-0

[Event "Ch Netherlands (open) (juniors) (under 20)"]
[Site "masterchessopen.com  Netherlands"]
[Round "1"]
[White "Van Den Dikkenberg Erik (NED)"]
[Black "Hoving Michael (NED)"]
[Result "0-1"]
[WhiteElo "2153"]
[BlackElo "2196"]

1.e4 c5 2.Nf3 e6 3.d4 cxd4 4.Nxd4 Nc6 5.Nc3 Qc7 6.Be2 a6 7.Be3 Nf6 8.Nb3 Bb4
9.f3 O-O 10.O-O b5 11.a4 bxa4 12.Nxa4 a5 13.Nb6 Rb8 14.Nxc8 Rbxc8 15.Bd3 d5
16.Qe2 Ra8 17.Nc5 d4 18.Na6 Rxa6 19.Bxa6 dxe3 20.Rfd1 Qb6 21.c3 Be7 22.Kf1 h5
23.Bb5 Ne5 24.Rd4 Bc5 25.Rda4 Rd8 26.b4 axb4 27.cxb4 Bf8 28.Ra8 Rd2 {#R} 0-1

[Event "It (open)"]
[Site "masterchessopen.com  Lenk (Switzerland)"]
[Round "4"]
[White "Kueng Urs"]
[Black "Haering Thomas (SUI)"]
[Result "1-0"]
[WhiteElo "2065"]
[BlackElo "1966"]

1.e4 c5 2.Nf3 e6 3.d4 cxd4 4.Nxd4 Nc6 5.Nc3 Qc7 6.Be3 a6 7.Be2 Nf6 8.O-O Bb4
9.Bd3 Ne5 10.h3 Bxc3 11.bxc3 Qxc3 12.Nb3 d6 13.f4 Ned7 14.Qf3 Qc7 15.Qg3 O-O
16.Bd4 g6 17.f5 e5 18.Be3 b6 19.Bh6 Re8 20.Qh4 Qd8 21.Bg5 {#r} 1-0

[Event "Ch Europe (juniors)"]
[Site "masterchessopen.com  Rimavska Sobota (Slovakia)"]
[Round "0"]
[White "Timofeeva Lidia (RUS)"]
[Black "Blizniuk O (UKR)"]
[Result "1-0"]
[WhiteElo "2170"]
[BlackElo "1874"]

1.e4 c5 2.Nf3 e6 3.d4 cxd4 4.Nxd4 Nc6 5.Nc3 Qc7 6.Be3 a6 7.Be2 Nf6 8.O-O Be7
9.a4 d6 10.Nb3 b6 11.f4 Bb7 12.Bf3 O-O 13.Qe1 Nb4 14.Qf2 b5 15.axb5 axb5
16.Nd4 Rxa1 17.Rxa1 Ba6 18.Qd2 Rb8 19.Nce2 Bc8 20.Qxb4 d5 21.Qc3 Qxc3 22.Nxc3
Bd7 23.e5 Ne8 24.Ra7 b4 25.Nxd5 exd5 26.Rxd7 {#r} 1-0

[Event "Ch Catalunia (team)"]
[Site "masterchessopen.com  Catalunia (Spain)"]
[Round "0"]
[White "Marcet Bisbale Antonio (ESP)"]
[Black "Eroles Saez Pedro (ESP)"]
[Result "0-1"]
[WhiteElo "2344"]
[BlackElo "2125"]

1.e4 c5 2.Nf3 e6 3.d4 cxd4 4.Nxd4 Nc6 5.Nc3 a6 6.Be3 Qc7 7.Be2 b5 8.a3 Bb7
9.O-O Nf6 10.Kh1 Na5 11.f3 Nc4 12.Bxc4 Qxc4 13.Qe1 Qc7 14.Bg1 Be7 15.f4 O-O
16.e5 Ng4 17.h3 Nh6 18.f5 Nxf5 19.Rxf5 exf5 20.Nxf5 Rae8 21.Qg3 g6 22.Bd4 h5
23.Rf1 Kh7 24.Qf4 gxf5 25.Qxf5+ Kg7 26.Qxh5 Qc6 27.Rf3 Qg6 {#R} 0-1

[Event "Cup 4 Laender (w)"]
[Site "masterchessopen.com  Germany"]
[Round "0"]
[White "Molnar Monika (AUT)"]
[Black "Lorenz Oda (GER)"]
[Result "0-1"]
[WhiteElo "1973"]
[BlackElo "1870"]

1.e4 c5 2.Nf3 Nc6 3.d4 cxd4 4.Nxd4 e6 5.Nc3 a6 6.Be3 Qc7 7.Be2 b5 8.a3 Bb7
9.O-O Rc8 10.Rc1 Nf6 11.Nxc6 Bxc6 12.Bd3 Bd6 13.f4 Bb7 14.e5 Bc5 15.Bxc5 Qxc5+
16.Kh1 Nd5 17.Ne4 Qc6 18.Nd6+ Ke7 19.Nxc8+ Rxc8 20.Be4 Qc4 21.Bxd5 Bxd5 22.Qg4
Kf8 23.Qg3 Qe2 24.Qf2 Qg4 25.Rg1 h5 26.Qg3 Qe2 27.Rge1 Qd2 28.Qe3 Qxg2# 0-1

[Event "Ch Europe (juniors) (under 18)"]
[Site "masterchessopen.com  Hania (Greece)"]
[Round "2"]
[White "Darmarakis Mihail (GRE)"]
[Black "Mastrovasilis Athanasios (GRE)"]
[Result "0-1"]
[WhiteElo "2204"]
[BlackElo "2529"]

1.e4 c5 2.Nf3 e6 3.d4 cxd4 4.Nxd4 a6 5.Nc3 Qc7 6.Be3 Nc6 7.Be2 Nf6 8.O-O Bb4
9.Bd3 O-O 10.f4 Bc5 11.Bc4 b5 12.e5 Nxe5 13.Be2 Nc4 14.Bxc4 bxc4 15.Kh1 Bb7
16.Qe2 Nd5 17.Ne4 Nxe3 18.Qxe3 Ba7 19.Rae1 Qb6 20.c3 f5 21.Ng5 h6 22.Ngf3 Be4
23.Rf2 d6 24.Nd2 e5 {#R} 0-1

[Event "Ch Yugoslavia (open)"]
[Site "masterchessopen.com  Kladovo (Yugoslavia)"]
[Round "6"]
[White "Milenkovic Mladen (SRB)"]
[Black "Djukic Zeljko (SRB)"]
[Result "1-0"]
[WhiteElo "2396"]
[BlackElo "2399"]

1.e4 c5 2.Nf3 Nc6 3.d4 cxd4 4.Nxd4 Qc7 5.Nc3 e6 6.Be3 a6 7.Be2 Nf6 8.O-O Bb4
9.Nxc6 bxc6 10.Na4 Be7 11.Bd3 c5 12.c4 d6 13.f4 O-O 14.Nc3 Bb7 15.Rf3 Rfe8
16.Rh3 g6 17.f5 exf5 18.exf5 Bf8 19.Qd2 Bg7 20.Bh6 Bh8 21.Rf1 Qe7 22.Bg5 Qe5
23.fxg6 fxg6 24.Bxg6 hxg6 25.Rxh8+ {#r} 1-0

[Event "Tournament (team) \"]
[Site "masterchessopen.com  Santiago (Chile)"]
[Round "0"]
[White "Aguirre Jaime"]
[Black "Cosoi Alejandro (CHI)"]
[Result "1-0"]
[WhiteElo "2000"]
[BlackElo "2060"]

1.e4 c5 2.Nf3 e6 3.d4 cxd4 4.Nxd4 Nc6 5.Be3 a6 6.Be2 Qc7 7.Nc3 Nf6 8.a3 Be7
9.f4 d6 10.O-O O-O 11.Nb3 b5 12.Bf3 Bb7 13.Qe2 Rac8 14.Rad1 Rfd8 15.Qf2 Nd7
16.Nd4 Na5 17.Qg3 Nc4 18.Bc1 Nxa3 19.Kh1 Nc4 20.Bg4 b4 21.Bxe6 bxc3 22.Nf5 Bf6
23.Nh6+ Kf8 24.Nxf7 cxb2 25.Bd2 b1=Q 26.Rxb1 Nxd2 {#r} 1-0

[Event "It (open)"]
[Site "masterchessopen.com  London (England)"]
[Round "0"]
[White "Martin Barry (ENG)"]
[Black "Zymberi Astrit (ALB)"]
[Result "1-0"]
[WhiteElo "2006"]
[BlackElo "2154"]

1.e4 c5 2.Nf3 Nc6 3.d4 cxd4 4.Nxd4 Qc7 5.Nc3 e6 6.Be3 a6 7.Be2 b5 8.a3 Bb7
9.O-O Nf6 10.f4 Nxd4 11.Qxd4 Rc8 12.e5 Nd5 13.Nxd5 Bxd5 14.Qd2 Bc5 15.Bd3 O-O
16.Rf2 f6 17.Re1 fxe5 18.Bxc5 Qxc5 19.Rxe5 Qc7 20.Rh5 g6 21.Rh4 Qd8 22.Rg4 Kh8
23.Qe3 Qf6 24.c3 Bc6 25.Bxg6 hxg6 26.f5 g5 27.Rxg5 {#r} 1-0

[Event "Ch Poland (team) (region)"]
[Site "masterchessopen.com  Poland"]
[Round "0"]
[White "Kwitek Tomasz (POL)"]
[Black "Gromada Andrzej (POL)"]
[Result "0-1"]
[WhiteElo "2096"]
[BlackElo "1989"]

1.e4 c5 2.Nf3 Nc6 3.d4 cxd4 4.Nxd4 Qc7 5.Nc3 e6 6.Be3 a6 7.Be2 Nf6 8.Qd2 Be7
9.g4 d6 10.g5 Nd7 11.f4 b5 12.a3 Rb8 13.f5 Nde5 14.fxe6 fxe6 15.O-O Bd7 16.b4
Nd8 17.Qe1 Ndf7 18.h4 Rc8 19.Nd1 O-O 20.Qg3 Nc4 21.Bd3 Nfe5 22.Nf2 Nxe3
23.Qxe3 Qa7 24.Rae1 Qxd4 {#R} 0-1

[Event "Ch Moravia (open)"]
[Site "masterchessopen.com  Prerov (Czech Republic)"]
[Round "8"]
[White "Plsek Miroslav (CZE)"]
[Black "Hrivnak Daniel (CZE)"]
[Result "0-1"]
[WhiteElo "2112"]
[BlackElo "2237"]

1.e4 c5 2.Nf3 Nc6 3.d4 cxd4 4.Nxd4 e6 5.Nc3 a6 6.Be3 Qc7 7.Be2 Nf6 8.g4 Bb4
9.f3 Ne5 10.g5 Bxc3+ 11.bxc3 Qxc3+ 12.Kf2 Neg4+ 13.fxg4 Nxe4+ 14.Kf3 Nxg5+
15.Kf2 Ne4+ 16.Kf3 b5 17.Bd3 Nf6 18.Kf2 Bb7 19.Rg1 h5 20.gxh5 Rxh5 21.Nf3 e5
22.Rg5 Rh3 23.Rxe5+ Kf8 24.Rc5 Ng4+ 25.Kg2 Nxe3+ 26.Kxh3 Qxc5 {#R} 0-1

[Event "Ch World (juniors)"]
[Site "masterchessopen.com  Sao Lourenco (Brazil)"]
[Round "3"]
[White "Gashimov Vugar (AZE)"]
[Black "Walkusz Miroslaw (POL)"]
[Result "1-0"]
[WhiteElo "2756"]
[BlackElo "1954"]

1.e4 c5 2.Nf3 e6 3.d4 cxd4 4.Nxd4 Nc6 5.Nc3 a6 6.Be3 Qc7 7.Be2 Nf6 8.O-O Bb4
9.f3 O-O 10.Nb3 Bd6 11.f4 e5 12.f5 b6 13.g4 h6 14.h4 h5 15.g5 Ng4 16.Bxg4 hxg4
17.Nd5 Qb8 18.Qxg4 Be7 19.Nf6+ gxf6 20.gxf6+ {#r} 1-0

[Event "Ch Europe (juniors) (under 20) (g)"]
[Site "masterchessopen.com  Zanka (Hungary)"]
[Round "5"]
[White "Sommer Sonja (AUT)"]
[Black "Toth Adrienn (HUN)"]
[Result "0-1"]
[WhiteElo "2036"]
[BlackElo "2065"]

1.e4 c5 2.Nf3 e6 3.d4 cxd4 4.Nxd4 Nc6 5.Be2 Qc7 6.Nc3 a6 7.Be3 Nf6 8.a3 b5
9.f4 Bb7 10.Bf3 d6 11.O-O Be7 12.Qe1 h5 13.h3 h4 14.Qf2 Nh5 15.Rad1 Ng3
16.Rfe1 O-O-O 17.Nb3 Rdg8 18.Bb6 Qb8 19.Bg4 Bd8 20.Be3 g5 21.fxg5 Ne5 22.Bf4
Nxg4 23.hxg4 Bc7 24.Bxg3 hxg3 25.Qxf7 Qa7+ 26.Kf1 Rf8 {#R} 0-1

[Event "Ch Germany (juniors) (club) (under 20)"]
[Site "masterchessopen.com  Berlin (Germany)"]
[Round "2"]
[White "Karius Thomas (GER)"]
[Black "Wilhelmi Christian (GER)"]
[Result "0-1"]
[WhiteElo "2246"]
[BlackElo "2355"]

1.e4 c5 2.Nf3 Nc6 3.d4 cxd4 4.Nxd4 e6 5.Nc3 Qc7 6.Be3 a6 7.Be2 Nf6 8.O-O Bb4
9.Nxc6 bxc6 10.Na4 Rb8 11.Qd3 d5 12.exd5 cxd5 13.c4 O-O 14.cxd5 Nxd5 15.Rac1
Qa5 16.Bd4 Nf4 17.Qe4 Bd2 18.Bxg7 Bb7 {#R} 0-1

[Event "Ch Europe (juniors) (under 16)"]
[Site "masterchessopen.com  Rimavska Sobota (Slovakia)"]
[Round "3"]
[White "Supancic Robert (SLO)"]
[Black "Rufener Markus (SUI)"]
[Result "0-1"]
[WhiteElo "2254"]
[BlackElo "2347"]

1.e4 c5 2.Nf3 e6 3.d4 cxd4 4.Nxd4 Nc6 5.Nc3 a6 6.Be3 Qc7 7.Be2 Nf6 8.Qd2 Bb4
9.f3 O-O 10.a3 Be7 11.Nb3 b5 12.O-O Ne5 13.Rfd1 Bb7 14.Kh1 Rac8 15.Qd4 d6
16.Qb6 Qxb6 17.Bxb6 d5 18.exd5 Nxd5 19.Nxd5 Bxd5 20.Rd2 Bg5 21.Rd3 Rxc2 22.Bd1
Rc6 23.Rc3 Rxb6 24.g3 Bf6 {#R} 0-1

[Event "Ch Croatia (team) (2nd league)"]
[Site "masterchessopen.com  Tucepi (Croatia)"]
[Round "3"]
[White "Juric Boris (CRO)"]
[Black "Banusic Zeljko (CRO)"]
[Result "0-1"]
[WhiteElo "1915"]
[BlackElo "2265"]

1.e4 c5 2.Nf3 e6 3.d4 cxd4 4.Nxd4 Nc6 5.Nc3 Qc7 6.Be3 a6 7.Be2 Nf6 8.O-O Bb4
9.Bd3 Ne5 10.Bf4 d6 11.Nde2 Bd7 12.h3 Bc5 13.Kh1 Qb6 14.Qe1 Bc6 15.Bh2 Qxb2
16.f4 Ng6 17.Rb1 Qa3 18.Rb3 Qa5 19.f5 exf5 20.exf5 Ne5 21.Bxe5 dxe5 22.Ng1 O-O
23.Ne4 Qxe1 24.Nxf6+ gxf6 25.Rxe1 Rad8 26.Kh2 e4 27.Bf1 Rd2 {#R} 0-1

[Event "It (open) (active)"]
[Site "masterchessopen.com  Uebach (Germany)"]
[Round "6"]
[White "Ljuboschitz Alexander (GER)"]
[Black "Lau Ralf (GER)"]
[Result "0-1"]
[WhiteElo "2172"]
[BlackElo "2510"]

1.e4 c5 2.Nc3 Nc6 3.Nf3 e6 4.d4 cxd4 5.Nxd4 Qc7 6.Be3 a6 7.Be2 Nf6 8.O-O Bb4
9.Nxc6 bxc6 10.Bd3 d5 11.exd5 cxd5 12.Bd4 Be7 13.Re1 O-O 14.Re3 Rd8 15.Be5 Qb7
16.Rh3 h6 {#R} 0-1

[Event "Ch World (juniors) (under 14)"]
[Site "masterchessopen.com  Cannes (France)"]
[Round "1"]
[White "Svoboda Svatopluk (CZE)"]
[Black "Andreeski Danilo (MKD)"]
[Result "1-0"]
[WhiteElo "2285"]
[BlackElo "2121"]

1.e4 c5 2.Nf3 e6 3.d4 cxd4 4.Nxd4 Nc6 5.Be3 a6 6.Nc3 Qc7 7.Be2 Nf6 8.O-O Bb4
9.f3 O-O 10.Na4 Rb8 11.Nb3 d5 12.Bb6 Qe7 13.Nac5 dxe4 14.fxe4 Nd7 15.Nxd7 Bxd7
16.c3 Bd6 17.Qd2 Bc8 18.Rad1 Bc7 19.Bc5 Qh4 20.g3 Bxg3 21.Bc4 Qxe4 22.hxg3
Qxc4 23.Bxf8 Kxf8 24.Qd6+ Ke8 25.Na5 {#r} 1-0

[Event "Ch France (team) (juniors) (under 18)"]
[Site "masterchessopen.com  France"]
[Round "8"]
[White "Guernier Antoine"]
[Black "Blum Gary (FRA)"]
[Result "0-1"]
[WhiteElo "1810"]
[BlackElo "2047"]

1.e4 c5 2.Nf3 Nc6 3.d4 cxd4 4.Nxd4 Qc7 5.Nc3 e6 6.Be3 a6 7.Be2 Nf6 8.O-O Bb4
9.f3 Ne5 10.Nb1 h5 11.c3 Bd6 12.Nd2 Neg4 13.Bg5 Nxh2 14.f4 Nxf1 15.Qxf1 Ng4
16.e5 Bc5 17.Bxg4 hxg4 18.Nb3 d6 19.Nxc5 Qxc5 20.Re1 Bd7 21.Qd3 d5 22.Qg3 b5
23.Qxg4 b4 24.Qf3 bxc3 25.bxc3 Rc8 26.Rb1 Qxc3 27.Qxc3 Rxc3 {#R} 0-1

[Event "Ch Yugoslavia (open)"]
[Site "masterchessopen.com  Nis (Yugoslavia)"]
[Round "2"]
[White "Zivic Dragan (SRB)"]
[Black "Vojinovic Goran (SRB)"]
[Result "1-0"]
[WhiteElo "2260"]
[BlackElo "2430"]

1.e4 c5 2.Nf3 Nc6 3.d4 cxd4 4.Nxd4 Qc7 5.Nc3 e6 6.Be3 a6 7.Be2 b5 8.Nxc6 dxc6
9.f4 Bb7 10.O-O c5 11.Bf3 Be7 12.e5 f5 13.exf6 Nxf6 14.Qe2 Kf7 15.f5 exf5
16.Bxb7 Qxb7 17.Rxf5 Rhe8 18.Qf2 Kg8 19.Bxc5 b4 20.Bxe7 Rxe7 21.Ne2 Rae8
22.Ng3 Qd7 23.Rf1 h6 24.Rxf6 gxf6 25.Nh5 {#r} 1-0

[Event "Ch Region"]
[Site "masterchessopen.com  Ruhrgebiet (Germany)"]
[Round "0"]
[White "Wegener Olaf (GER)"]
[Black "Roesemann Rainer (GER)"]
[Result "0-1"]
[WhiteElo "2115"]
[BlackElo "2281"]

1.e4 c5 2.Nf3 e6 3.d4 cxd4 4.Nxd4 Nc6 5.Nc3 Qc7 6.Be2 a6 7.Be3 Nf6 8.O-O Bb4
9.Nxc6 bxc6 10.Bd3 d5 11.exd5 cxd5 12.Bd4 Bd6 13.Bxf6 gxf6 14.Qh5 Bb7 15.Ne2
Rg8 16.f3 O-O-O 17.c4 Rg5 18.Qh3 Qb6+ 19.Kh1 Qe3 20.Rad1 d4 21.Ng1 Rdg8
22.Rfe1 Qf4 23.Bf1 Bb4 24.Re2 Kb8 25.a3 Bd6 26.Ree1 R5g6 27.g3 Rxg3 28.hxg3
Rxg3 {#R} 0-1

[Event "It (open)"]
[Site "masterchessopen.com  Seefeld (Austria)"]
[Round "0"]
[White "Kranebitter Gerhard (AUT)"]
[Black "Wiesbeck Florian (AUT)"]
[Result "1-0"]
[WhiteElo "2081"]
[BlackElo "1926"]

1.e4 c5 2.Nf3 Nc6 3.d4 cxd4 4.Nxd4 Qc7 5.Nc3 e6 6.Be3 a6 7.Be2 Bc5 8.Nxe6 dxe6
9.Bxc5 b5 10.O-O Bb7 11.Qd2 Nf6 12.Bd6 Qb6 13.e5 Nd7 14.Qg5 h6 15.Qg3 O-O-O
16.b4 Nd4 17.Bd3 g6 18.a4 Qc6 19.axb5 Qxc3 20.bxa6 {#r} 1-0

[Event "Ch Europe (juniors) (under 14)"]
[Site "masterchessopen.com  Tallinn (Estonia)"]
[Round "6"]
[White "Pinter Gabor (HUN)"]
[Black "Mastrovasilis Dimitrios (GRE)"]
[Result "0-1"]
[WhiteElo "2155"]
[BlackElo "2215"]

1.e4 c5 2.Nf3 Nc6 3.d4 cxd4 4.Nxd4 Qc7 5.Nc3 e6 6.Be3 a6 7.Be2 Nf6 8.O-O Bb4
9.Na4 O-O 10.Nxc6 bxc6 11.c4 Be7 12.Bf3 Rb8 13.c5 Rd8 14.Qc2 a5 15.Rfd1 Ba6
16.Rd2 Rb4 17.Nb6 d5 {#R} 0-1

[Event "It (open) \"]
[Site "masterchessopen.com  Tatranska Lomnica (Slovakia)"]
[Round "1"]
[White "Oprea Erik (SVK)"]
[Black "Nizamov Ildar (RUS)"]
[Result "0-1"]
[WhiteElo "2135"]
[BlackElo "2425"]

1.e4 c5 2.Nf3 Nc6 3.d4 cxd4 4.Nxd4 e6 5.Nc3 Qc7 6.Be3 a6 7.Be2 Nf6 8.O-O Bb4
9.Nxc6 bxc6 10.Bd3 d5 11.exd5 cxd5 12.Bd4 Bd6 13.Bxf6 gxf6 14.Re1 Bb7 15.h3 h5
16.Qf3 Be5 17.a4 Ke7 18.Nd1 Rag8 19.Kh1 Rg5 20.h4 Rg4 21.Qh3 d4 22.Rg1 Rhg8
23.Bf1 Qxc2 24.Bd3 Qxd3 25.Qxd3 Rxh4+ {#R} 0-1

[Event "Memorial Olexa (open)"]
[Site "masterchessopen.com  Brno (Czech Republic)"]
[Round "0"]
[White "Brauner Rudolf Dr (GER)"]
[Black "Kredl Karel (CZE)"]
[Result "0-1"]
[WhiteElo "1997"]
[BlackElo "2110"]

1.e4 c5 2.Nf3 Nc6 3.d4 cxd4 4.Nxd4 e6 5.Nc3 a6 6.Be3 Qc7 7.Be2 Nf6 8.O-O Bb4
9.f3 O-O 10.Nxc6 bxc6 11.g4 d5 12.g5 Nd7 13.f4 Bb7 14.e5 c5 15.Rf3 d4 16.Rh3
Bxc3 17.Bd3 g6 18.Rxh7 Qc6 19.Qg4 Qh1+ 20.Kf2 dxe3+ 21.Kxe3 Bd4+ 22.Kd2 Qg2+
23.Qxg2 Bxg2 24.Bxg6 fxg6 25.Rxd7 Rad8 26.Rxd8 Rxd8 27.c3 Bxe5+ {#R} 0-1

[Event "Ch France (open) (a)"]
[Site "masterchessopen.com  Meribel (France)"]
[Round "7"]
[White "Bonnet Edouard (FRA)"]
[Black "Wakselman Simon (FRA)"]
[Result "1-0"]
[WhiteElo "2128"]
[BlackElo "2048"]

1.e4 c5 2.Nf3 Nc6 3.d4 cxd4 4.Nxd4 e6 5.Nc3 a6 6.Be2 Qc7 7.Be3 b5 8.a3 Bb7
9.O-O Nge7 10.Ndxb5 axb5 11.Nxb5 Qb8 12.Nd6+ Kd8 13.Bb6+ {#r} 1-0

[Event "It (open)"]
[Site "masterchessopen.com  Paks (Hungary)"]
[Round "0"]
[White "Toth Andras (HUN)"]
[Black "Erdelyi Zombor (HUN)"]
[Result "1-0"]
[WhiteElo "2330"]
[BlackElo "2055"]

1.e4 c5 2.Nf3 e6 3.d4 cxd4 4.Nxd4 Nc6 5.Nc3 Qc7 6.Be2 a6 7.Be3 Nf6 8.O-O Bb4
9.Na4 O-O 10.c4 Be7 11.c5 d6 12.Nxc6 bxc6 13.cxd6 Bxd6 14.g3 Bb7 15.Nc5 Rfd8
16.Qc2 Bxc5 17.Bxc5 Qe5 18.Bf3 Nd7 19.Rac1 Qf6 20.Kg2 Nxc5 21.Qxc5 Rd3 22.Be2
Rd2 23.e5 Qd8 24.Rfd1 Rc8 25.Bf3 Qd7 26.Rxd2 Qxd2 27.Rd1 Qxb2 28.Qe7 {#r} 1-0